| 000 | 00951cam a22003253a 4500 | ||
|---|---|---|---|
| 001 | 766 | ||
| 003 | PGUSA | ||
| 005 | 20140828082952.0 | ||
| 008 | 961201s1996||||xxu|||||s|||||000 1 eng d | ||
| 040 |
_aPGUSA _beng |
||
| 042 | _adc | ||
| 050 | 4 | _aPR | |
| 100 | 1 |
_aDickens, Charles, _d1812-1870 |
|
| 245 | 1 | 0 |
_aDavid Copperfield _h[electronic resource] / _cCharles Dickens |
| 260 |
_bProject Gutenberg, _c1996 |
||
| 506 | _aPublic domain in the USA. | ||
| 516 | _aElectronic text | ||
| 653 | _aBildungsromans | ||
| 653 | _aEngland -- Social life and customs -- 19th century -- Fiction | ||
| 653 | _aStepfathers -- Fiction | ||
| 653 | _aEngland -- Fiction | ||
| 653 | _aOrphans -- Fiction | ||
| 653 | _aAutobiographical fiction | ||
| 653 | _aYoung men -- Fiction | ||
| 653 | _aBoys -- Fiction | ||
| 653 | _aChild labor -- Fiction | ||
| 830 | 0 |
_aProject Gutenberg _v766 |
|
| 856 | 4 | 0 | _uhttp://www.gutenberg.org/ebooks/766 |
| 942 | _cEB | ||
| 999 |
_c230117 _d230117 |
||